Statistics for US States with Legalized Marijuana

Click here to take the quiz!

General Stats

  • This quiz has been taken 180 times
    (88 since last reset)
  • The average score is 28 of 33

Answer Stats

Recreational % Correct
California
99%
Colorado
97%
New York
97%
Maine
96%
Washington
96%
Florida
96%
Alaska
95%
Oregon
95%
New Mexico
95%
Vermont
91%
Massachusetts
90%
Arizona
90%
Illinois
90%
New Hampshire
87%
Rhode Island
87%
Hawaii
87%
Montana
86%
Nevada
86%
Ohio
86%
Connecticut
84%
New Jersey
84%
Michigan
83%
Pennsylvania
82%
Delaware
81%
Utah
81%
North Dakota
81%
Maryland
78%
Minnesota
77%
Arkansas
75%
Louisiana
74%
Missouri
74%
West Virginia
74%
Oklahoma
70%

Score Distribution

Percentile by Number Answered

Percent of People with Each Score

Your Score History

You have not taken this quiz since the last reset